L'Espagne en crise(s) : Une géopolitique au XXIe siècle (notice n° 1670401)

détails MARC
000 -LEADER
fixed length control field 01475cam a2200145 4500500
005 - DATE AND TIME OF LATEST TRANSACTION
control field 20260222025404.0
041 ## - LANGUAGE CODE
Language code of text/sound track or separate title fre
042 ## - AUTHENTICATION CODE
Authentication code dc
100 10 - MAIN ENTRY--PERSONAL NAME
Personal name Baron-Yellès, Nacima
Relator term author
245 00 - TITLE STATEMENT
Title L'Espagne en crise(s) : Une géopolitique au XXIe siècle
260 ## - PUBLICATION, DISTRIBUTION, ETC.
Name of publisher, distributor, etc. Armand Colin,<br/>
Date of publication, distribution, etc. 2015.<br/>
520 ## - SUMMARY, ETC.
Summary, etc. Depuis 2008, l’Espagne est confrontée à une crise économique profonde qui a révélé les faiblesses du système politique mis en place en 1975, à la fin de la dictature franquiste. Les réformes nécessaires pour surmonter les impasses de son modèle de développement ou le déclin démographique annoncé fragilisent la structure d’un pouvoir vacillant et discrédité par l’opinion publique. Entre mouvements « indignés », exacerbation des velléités indépendantistes, émergence de nouveaux partis, le pays apparaît aujourd’hui comme un territoire fragmenté et socialement fracturé. Quarante ans après sa transition démocratique, l’Espagne va-t-elle entrer dans une nouvelle phase de son histoire ? Pour saisir ce « moment » collectif crucial pour la société espagnole et l’ampleur des défis à venir, cette géopolitique de l’Espagne au XXIe siècle propose une grille de lecture inédite et originale pour construire une vision globale des enjeux européens actuels.
700 10 - ADDED ENTRY--PERSONAL NAME
Personal name Loyer, Barbara
Relator term author
856 41 - ELECTRONIC LOCATION AND ACCESS
Uniform Resource Identifier <a href="https://shs.cairn.info/l-espagne-en-crises--9782200600259?lang=fr&redirect-ssocas=7080">https://shs.cairn.info/l-espagne-en-crises--9782200600259?lang=fr&redirect-ssocas=7080</a>

Pas d'exemplaire disponible.

PLUDOC

PLUDOC est la plateforme unique et centralisée de gestion des bibliothèques physiques et numériques de Guinée administré par le CEDUST. Elle est la plus grande base de données de ressources documentaires pour les Étudiants, Enseignants chercheurs et Chercheurs de Guinée.

Adresse

627 919 101/664 919 101

25 boulevard du commerce
Kaloum, Conakry, Guinée

Réseaux sociaux

Powered by Netsen Group @ 2025